LEADER 05383oam 2200769I 450 001 9910786722303321 005 20230126210308.0 010 $a1-315-43183-1 010 $a1-315-43185-8 010 $a1-59874-688-X 024 7 $a10.4324/9781315431857 035 $a(CKB)2670000000353158 035 $a(EBL)1180078 035 $a(OCoLC)843200961 035 $a(SSID)ssj0000871288 035 $a(PQKBManifestationID)12403144 035 $a(PQKBTitleCode)TC0000871288 035 $a(PQKBWorkID)10821672 035 $a(PQKB)11305727 035 $a(MiAaPQ)EBC1180078 035 $a(Au-PeEL)EBL1180078 035 $a(CaPaEBR)ebr10693776 035 $a(CaONFJC)MIL932452 035 $a(OCoLC)842929921 035 $a(OCoLC)954006861 035 $a(EXLCZ)992670000000353158 100 $a20180706e20162013 uy 0 101 0 $aeng 135 $aur|n|---||||| 181 $ctxt 182 $cc 183 $acr 200 00$aConnections and complexity $enew approaches to the archaeology of South Asia /$fedited by Shinu Abraham. [et al.] 210 1$aLondon ;$aNew York :$cRoutledge,$d2016. 215 $a1 online resource (431 p.) 300 $aFirst published 2013 by Left Coast Press, Inc. 311 $a1-59874-687-1 311 $a1-59874-686-3 320 $aIncludes bibliographical references and index. 327 $aConnections and Complexity : New approaches to the archaeology of South Asia / Shinu Abraham, Praveena Gullapalli, Teresa Raczek, Uzma Rizvi -- To What Extent Were the Prehistoric Sri Lankans Isolated from the Indian Mainland? Biotic and Archaeological Considerations / Kenneth A.R. Kennedy -- Commodities and Things : The Kulli in Context / Rita P. Wright -- New Evidence for Interaction Between The Iranian Plateau and the Indus Valley : Seals and Sealings from Konar Sandal South / Holly Pittman -- The Sindh Archaeological Project : Explorations in the Lower Indus Basin and Western Sindh / Louis Flam -- Iconography of the Indus Unicorn : Origins and Legacy / Jonathan Mark Kenoyer -- Forest Products in a Wider World : Early historic connections across southern India / Kathleen D. Morrison and Mark T. Lycett -- The Substance and Symbolism of Long-Distance Exchange : Textiles as Desired Trade Goods in the Bronze Age Middle Asian Interaction Sphere / Monica L. Smith -- Weighty Matters : Evidence for Unity and Regional Diversity from the Indus Civilization Weights / Heather M.-L. Miller -- Starch Grain Analysis and Experiments Provide Insights into Harappan Cooking Practices / Arunima Kashyap and Steve Weber -- 327 $aRed Polished Ware in Gujarat : Surface Collections from Inland Sites / Nancy Pinto-Orton -- Spiraling Interconnectedness : A Fresh Look at Double-Spiral-Headed Pins in the Indian Subcontinent / Heidi J. Miller -- In Search Of Craft and Society : The Glass Beads of Early Historic Tamil South India / Shinu Abraham -- Lamination as Production Technique : Patterns and Possibilities / Praveena Gullapalli -- Bronze Age Pastoralism and Differentiated Landscapes along the Inner Asian Mountain Corridor / Michael Frachetti -- The Ghost of the State in Deep Antiquity : A Closer Look at the Harappan Civilization from the Viewpoint of Sanskrit Literature / Piotr A. Eltsov -- Crafting Communities and Producing Places : Copper, Settlement Patterns, and Social Identity in the Ganeshwar Jodhpura Cultural Complex, Rajasthan, India / Uzma Z. Rizvi -- Technology and Everyday Crafts : Identifying Traces of Shared Histories in the Archaeological Record / Teresa Raczek -- Regional Diversity in the Harappan World : The Evidence of the Seals / Marta Ameri -- Monumentality and the Third Millennium "Towers" of the Oman Peninsula / Charlotte Marie Cable and Christopher P. Thornton -- Small Scale Interactions Across the North Gujarat Plain / Suzanne Harris. 330 $aThis compilation of original research articles highlight the important cross-regional, cross-chronological, and comparative approaches to political and economic landscapes in ancient South Asia and its neighbors. Focusing on the Indus Valley period and Iron Age India, this volume incorporates new research in South Asia within the broader universe of archaeological scholarship. Contributions focus on four major themes: reinterpreting material culture; identifying domains and regional boundaries; articulating complexity; and modeling interregional interaction. These studies develop theoreti 606 $aSocial archaeology$zSouth Asia 606 $aLandscape archaeology$zSouth Asia 606 $aIndus civilization 606 $aIron age$zIndia 606 $aMaterial culture$zSouth Asia$xHistory$yTo 1500 606 $aMaterial culture$zIndia$xHistory$yTo 1500 606 $aRegionalism$zSouth Asia$xHistory$yTo 1500 607 $aSouth Asia$xAntiquities 607 $aIndia$xAntiquities 615 0$aSocial archaeology 615 0$aLandscape archaeology 615 0$aIndus civilization. 615 0$aIron age 615 0$aMaterial culture$xHistory 615 0$aMaterial culture$xHistory 615 0$aRegionalism$xHistory 676 $a934 701 $aAbraham$b Shinu$01545193 801 0$bMiAaPQ 801 1$bMiAaPQ 801 2$bMiAaPQ 906 $aBOOK 912 $a9910786722303321 996 $aConnections and complexity$93799997 997 $aUNINA LEADER 02232nam 2200493z- 450 001 9910557895703321 005 20211118 035 $a(CKB)5400000000046323 035 $a(oapen)https://directory.doabooks.org/handle/20.500.12854/74273 035 $a(oapen)doab74273 035 $a(EXLCZ)995400000000046323 100 $a20202111d2020 |y 0 101 0 $aeng 135 $aurmn|---annan 181 $ctxt$2rdacontent 182 $cc$2rdamedia 183 $acr$2rdacarrier 200 00$aRecent Advancements in X-Ray and Neutron Imaging of Dynamic Processes in Earth Sciences 210 $cFrontiers Media SA$d2020 215 $a1 online resource (162 p.) 311 08$a2-88966-137-7 330 $aThis eBook is a collection of articles from a Frontiers Research Topic. Frontiers Research Topics are very popular trademarks of the Frontiers Journals Series: they are collections of at least ten articles, all centered on a particular subject. With their unique mix of varied contributions from Original Research to Review Articles, Frontiers Research Topics unify the most influential researchers, the latest key findings and historical advances in a hot research area! Find out more on how to host your own Frontiers Research Topic or contribute to one as an author by contacting the Frontiers Editorial Office: frontiersin.org/about/contact 606 $aPhysical geography & topography$2bicssc 606 $aScience: general issues$2bicssc 610 $a4D imaging 610 $afluid transport 610 $aneutron imaging 610 $aporous rocks 610 $avolcanic systems 610 $aX-ray computed tomography 615 7$aPhysical geography & topography 615 7$aScience: general issues 700 $aMancini$b Lucia$4edt$0591706 702 $aArzilli$b Fabio$4edt 702 $aPolacci$b Margherita$4edt 702 $aVoltolini$b Marco$4edt 702 $aMancini$b Lucia$4oth 702 $aArzilli$b Fabio$4oth 702 $aPolacci$b Margherita$4oth 702 $aVoltolini$b Marco$4oth 906 $aBOOK 912 $a9910557895703321 996 $aRecent Advancements in X-Ray and Neutron Imaging of Dynamic Processes in Earth Sciences$93011670 997 $aUNINA LEADER 04278oam 2200577 c 450 001 9910842043703321 005 20260302090207.0 010 $a9783839434635 010 $a3839434637 024 7 $a10.14361/9783839434635 035 $a(CKB)3710000000667498 035 $a(EBL)4625296 035 $a(MiAaPQ)EBC4625296 035 $a(DE-B1597)469895 035 $a(OCoLC)953603472 035 $a(OCoLC)955146962 035 $a(DE-B1597)9783839434635 035 $a(transcript Verlag)9783839434635 035 $a(Perlego)1463857 035 $a(EXLCZ)993710000000667498 100 $a20260302d2016 uy 0 101 0 $ager 135 $aur|n|---||||| 181 $2rdacontent 182 $2rdamedia 183 $2rdacarrier 200 10$aCyberPlaces - Philosophische Annäherungen an den virtuellen Ort$fTobias Holischka 205 $a1st ed. 210 $aBielefeld$ctranscript Verlag$d2016 215 $a1 online resource (213 p.) 225 0 $aEdition Moderne Postmoderne 300 $aDescription based upon print version of record. 311 08$a9783837634631 311 08$a3837634639 320 $aIncludes bibliographical references. 327 $aFrontmatter 1 Inhalt 5 Vorwort 9 1. Einleitung: Virtuellen Welten und ihre Orte 11 2. Das Verhältnis von Kunst und Technik 25 3. Möglichkeit und Wirklichkeit 53 4. Eine Frage der Perspektive 111 5. Der Ort der Information 141 6. Verhältnis, Folgen und Ausblick 167 Anhang 191 330 $aUnser Alltag ist von technisch erzeugter Virtualität nicht nur geprägt - er wird in vielen Bereichen durch sie bestimmt. Die Informationsgesellschaft pflegt einen selbstverständlichen Umgang mit sich immer weiter entwickelnden technischen Geräten. Als Schein oder Unwirklichkeit konnotiert, bleiben die neuen Phänomene der Virtualität dabei jedoch weitgehend unreflektiert. Tobias Holischkas phänomenologische Analyse zeigt, dass insbesondere der virtuelle Ort als versammelndes Prinzip eine Realität schafft, die - ganz im Gegensatz zum abstrakten Konzept des Cyberspace - eine ontologische Verbindung zur menschlichen Alltagswelt herstellt und sie auf diese Weise erweitert. 330 1 $a»Eine solide Untersuchung, die in den Vordergrund stellt, dass auch virtuelle Welten in der realen Welt verortet sind, ebenso physikalisch (in Computern) wie auch logisch.« Percy Turtur, Widerspruch, 64 (2017) »Diese wissenschaftliche Auseinandersetzung mit dem virtuellen Ort als Phänomen ist eine Bereicherung sowohl für den medienpädagogischen Diskurs als auch ein interessanter Beitrag zum Diskurs rund um das Thema der Digitalisierung.« Weiterbildung - Zeitschrift für Grundlagen, Praxis und Trends, 3 (2017) »Eine facettenreiche und präzise Annäherung an eine Phänomenologie des virtuellen Orts. Die zahlreichen Beispiele sind anschaulich und argumentativ plausibel gewählt, so dass die Theorieperspektive produktiv und stichhaltig entwickelt wird.« Lars C. Grabbe, MEDIENwissenschaft, 1 (2017) Besprochen in: GMK-Newsletter, 7/8 (2016) E-3, 9 (2016) Fraunhofer IRB, 8 (2016) https://www.digitallernen.ch, 3 (2018) 410 0$aEdition Moderne Postmoderne. 606 $aVirtualität; Ort; Raum; Computerspiel; Wirklichkeit; Cyberspace; Phänomenologie; Technik; Gesellschaft; Philosophie; Medien; Medienphilosophie; Medientheorie; Kulturphilosophie; Virtuality; Place; Space; Computer Game; Reality; Phenomenology; Technology; Society; Philosophy; Media; Media Philosophy; Media Theory; Philosophy of Culture; 615 4$aVirtualität; Ort; Raum; Computerspiel; Wirklichkeit; Cyberspace; Phänomenologie; Technik; Gesellschaft; Philosophie; Medien; Medienphilosophie; Medientheorie; Kulturphilosophie; Virtuality; Place; Space; Computer Game; Reality; Phenomenology; Technology; Society; Philosophy; Media; Media Philosophy; Media Theory; Philosophy of Culture; 676 $a306.4402854678 686 $aAP 15942$2rvk 700 $aHolischka$b Tobias$4aut$01461827 712 02$aBacklisttransformation FID Philosophie 801 0$bDE-B1597 801 1$bDE-B1597 906 $aBOOK 912 $a9910842043703321 996 $aCyberPlaces - Philosophische Anna?herungen an den virtuellen Ort$93670627 997 $aUNINA